LEADER 00834nam a2200229 i 4500 001 000000144431 003 CaOOAMICUS 005 20051028000000.0 008 051028s1934 it u000 u ita u 013 $a119789 040 $aSeMil$bita 100 1 $aCalzini, Raffaele.$0(OLS)http://semarc/name/40218 245 10$aSegantini :$bromanzo della montagna /$cRaffaele Calzini. 260 $aMilano :$bArnoldo Mondadori Editore,$c1934. 300 $a364 p. ;$c19 cm. 500 $aFondo Ciprandi. 850 $aSeMil 852 $aSeMil$W1$xVenegono$y1$m1D II 70$j97360$B97360$CSeMilBibl$Z2$F105047 $81 941 1 $a1 961 $aOmaggio: Ciprandi dott. Paolo 996 $6245$aSegantini :$bromanzo della montagna$9(OLS)http://semarc/title/211268 996 $6260$aMilano :$bArnoldo Mondadori Editore$9(OLS)http://semarc/publisher/30056 LEADER 00881nam a2200229 i 4500 001 000000144533 003 CaOOAMICUS 005 20051103000000.0 008 051103s1962 it u000 u ita u 013 $a119891 040 $aSeMil$bita 100 1 $aAsnaghi, Alfonso.$0(OLS)http://semarc/name/57767 245 10$aAli :$bmeditazioni /$cSac. Alfonso Asnaghi. 250 $a3. ed. 260 $aMilano :$bPontificio Istituto Missioni Estere,$c1962. 300 $a93 p. ;$c15 cm. 650 4$aMissioni - Spiritualitą.$0(OLS)http://semarc/subject/1730 850 $aSeMil 852 $aSeMil$W1$xVenegono$y1$m186 30 1 *$j97433$B97433$CSeMilBibl$Z2$F105250 $81 961 $aRecupero: Biblioteca Seminario Saronno 996 $6245$aAli :$bmeditazioni$9(OLS)http://semarc/title/211381 996 $6260$aMilano :$bPontificio Istituto Missioni Estere$9(OLS)http://semarc/publisher/30755